[Event "42nd GRE-ch Women 2019"]
[Site "Thessaloniki"]
[Date "2019.11.21"]
[Round "2.4"]
[White "Makka, Ioulia"]
[Black "Vozinaki, Anthi - Maria"]
[Result "1/2-1/2"]
[WhiteElo "2048"]
[BlackElo "1878"]
[Annotator "NA RC"]
[PlyCount "132"]
[EventDate "2019.11.20"]
[EventType "tourn"]
[EventCountry "GRE"]
[SourceTitle "playchess.com"]
[Source "ChessBase"]
[SourceQuality "1"]
[TimeControl "40/5400+30:1800+30"]

1. e4 {[%emt 0:00:00]} c5 {[%emt 0:00:00]} 2. Nf3 {[%emt 0:00:00]} e6 {[%emt 0:00:00]} 3. d4 {[%emt 0:00:00]} cxd4 {[%emt 0:00:00]} 4. Nxd4 {[%emt 0:00:03]} Nf6 {[%emt 0:00:00]} 5. Nc3 {[%emt 0:00:27]} d6 {[%emt 0:00:00]} 6. Be2 {[%emt 0:00:55]} Be7 {[%emt 0:00:12]} 7. O-O {[%emt 0:00:46]} O-O {[%emt 0:00:40]} 8. f4 {[%emt 0:02:44]} Nc6 {[%emt 0:00:51]} 9. Kh1 {[%emt 0:01:52]} a6 {[%emt 0:04:59]} 10. a4 {[%emt 0:19:24]} Qc7 {[%emt 0:00:46]} 11. Be3 {[%emt 0:05:25]} Re8 {[%emt 0:00:59]} 12. Bf3 {[%emt 0:16:58]} Bf8 {[%emt 0:04:03]} 13. Nxc6 {[%emt 0:09:06]} bxc6 {[%emt 0:00:22]} 14. a5 {[%emt 0:00:37]} Nd7 {[%emt 0:15:56]} 15. Qd2 {[%emt 0:02:19]} Rb8 {[%emt 0:03:36]} 16. Na4 {[%emt 0:02:09]} c5 {[%emt 0:02:39]} 17. c4 {[%emt 0:02:31]} Bb7 {[%emt 0:12:41]} 18. Qc2 {[%emt 0:04:05]} d5 {[%emt 0:14:05]} 19. Bd2 {[%emt 0:08:59]} d4 {[%emt 0:06:20]} 20. e5 {[%emt 0:01:30]} f6 {[%emt 0:04:11]} 21. exf6 {[%emt 0:01:13]} Nxf6 {[%emt 0:00:57]} 22. Qd3 Bd6 23. Nb6 Bxf3 24. Rxf3 Qc6 25. Kg1 Rb7 26. Rh3 g6 27. Rf3 Ne4 28. Be1 Rf8 29. Bg3 Nxg3 30. hxg3 Bc7 31. Ra3 Bxb6 32. axb6 Rxb6 33. b3 Rd8 34. Rf2 Qd6 35. Re2 Rd7 36. Re5 {[%emt 0:25:47]} Rdb7 37. g4 Qb8 38. Qe4 Qd6 {[%emt 0:34:51]} 39. Qd3 Qb8 40. Qe4 Qd6 41. Qd3 Rb8 42. g3 {[%emt 0:15:26]} a5 43. Kf2 Qc6 44. Qe4 Qxe4 {[%emt 0:24:24]} 45. Rxe4 Rxb3 46. Rxa5 {[%emt 0:11:53]} d3 47. Re1 Rb2+ 48. Ke3 d2 49. Rd1 R8b3+ 50. Ke4 Rxg3 51. g5 Rc3 52. Ke5 Kf7 53. Ra7+ Ke8 54. Kxe6 Re3+ 55. Kd6 Rd3+ 56. Kxc5 Rc2 57. Rxh7 Re3 58. Rh2 Re4 59. Rdxd2 Rexc4+ 60. Kd5 Rxd2+ 61. Rxd2 Rxf4 62. Ke6 Rf5 63. Ra2 Kf8 64. Rg2 Kg7 65. Rg1 Rf2 66. Ke5 Rf5+ 1/2-1/2

[Event "42nd GRE-ch Women 2019"]
[Site "Thessaloniki"]
[Date "2019.11.21"]
[Round "2.5"]
[White "Stefanidi, Maria-Anna"]
[Black "Makka, Evanthia"]
[Result "0-1"]
[WhiteElo "2012"]
[BlackElo "2059"]
[Annotator "NA RC"]
[PlyCount "98"]
[EventDate "2019.11.20"]
[EventType "tourn"]
[EventCountry "GRE"]
[SourceTitle "playchess.com"]
[Source "ChessBase"]
[SourceQuality "1"]
[TimeControl "40/5400+30:1800+30"]

1. e4 {[%emt 0:02:58]} c6 {[%emt 0:00:00]} 2. d4 {[%emt 0:00:39]} d5 {[%emt 0:00:00]} 3. Nc3 {[%emt 0:00:08]} dxe4 {[%emt 0:00:03]} 4. Nxe4 {[%emt 0:00:05]} Nf6 {[%emt 0:01:14]} 5. Nxf6+ {[%emt 0:05:47]} exf6 {[%emt 0:00:07]} 6. Nf3 {[%emt 0:01:10]} Bd6 {[%emt 0:02:33]} 7. Be3 {[%emt 0:02:37]} Qb6 {[%emt 0:11:56]} 8. Qc1 {[%emt 0:02:41]} O-O {[%emt 0:02:21]} 9. Be2 {[%emt 0:00:45]} Re8 {[%emt 0:09:31]} 10. O-O {[%emt 0:01:11]} Qc7 {[%emt 0:00:42]} 11. c4 {[%emt 0:04:16]} Bg4 {[%emt 0:08:06]} 12. h3 {[%emt 0:01:48]} Be6 {[%emt 0:00:50]} 13. Qd2 {[%emt 0:04:52]} Qc8 {[%emt 0:05:40]} 14. Rfe1 {[%emt 0:12:56]} a5 {[%emt 0:23:42]} 15. a3 {[%emt 0:00:49]} Na6 {[%emt 0:01:23]} 16. Rac1 {[%emt 0:02:00]} Qd7 {[%emt 0:08:25]} 17. Bf1 {[%emt 0:11:13]} Nc7 {[%emt 0:03:16]} 18. Red1 {[%emt 0:01:36]} Bf8 {[%emt 0:10:24]} 19. Bf4 {[%emt 0:07:37]} Red8 {[%emt 0:04:05]} 20. Qe3 {[%emt 0:04:04]} Ne8 {[%emt 0:01:27]} 21. Bd3 {[%emt 0:03:33]} Bf5 {[%emt 0:01:55]} 22. Be2 {[%emt 0:05:46]} g5 {[%emt 0:01:06]} 23. Bg3 {[%emt 0:02:50]} Bg6 {[%emt 0:00:08]} 24. Nh2 {[%emt 0:00:59]} h5 {[%emt 0:00:55]} 25. h4 {[%emt 0:05:16]} g4 {[%emt 0:01:33]} 26. f3 {[%emt 0:02:41]} f5 {[%emt 0:00:12]} 27. Bf4 {[%emt 0:00:52]} Ng7 {[%emt 0:00:39]} 28. Bg5 {[%emt 0:00:56]} Re8 {[%emt 0:00:25]} 29. Qf2 {[%emt 0:00:32]} Ne6 {[%emt 0:00:24]} 30. Bf6 {[%emt 0:02:14]} Bh6 {[%emt 0:00:18]} 31. Rc3 {[%emt 0:02:30]} Nf4 {[%emt 0:01:00]} 32. Bf1 {[%emt 0:00:43]} Qd6 {[%emt 0:00:52]} 33. fxg4 {[%emt 0:03:32]} fxg4 {[%emt 0:00:00]} 34. Bg5 {[%emt 0:00:23]} Bxg5 {[%emt 0:00:06]} 35. hxg5 {[%emt 0:00:05]} Re7 {[%emt 0:01:01]} 36. d5 {[%emt 0:01:58]} cxd5 {[%emt 0:00:41]} 37. g3 {[%emt 0:00:52]} Ne6 {[%emt 0:00:30]} 38. Rxd5 {[%emt 0:00:08]} Qc7 {[%emt 0:00:23]} 39. Bg2 {[%emt 0:01:37]} Rae8 {[%emt 0:00:32]} 40. Nf1 {[%emt 0:00:00]} Ng7 {[%emt 0:00:00]} 41. Rd2 {[%emt 0:08:55]} Re1 {[%emt 0:08:14]} 42. Bd5 {[%emt 0:08:39]} Nf5 {[%emt 0:02:37]} 43. Kg2 {[%emt 0:00:44]} R8e5 {[%emt 0:04:39]} 44. Rb3 {[%emt 0:03:18]} Qe7 {[%emt 0:05:26]} 45. Rxb7 {[%emt 0:00:53]} Qxg5 {[%emt 0:00:22]} 46. Qf4 {[%emt 0:08:18]} Qf6 {[%emt 0:08:33]} 47. Rf2 {[%emt 0:01:56]} R5e2 {[%emt 0:00:52]} 48. c5 {[%emt 0:02:51]} Rxf2+ {[%emt 0:00:40]} 49. Kxf2 {[%emt 0:00:06]} Rxf1+ {[%emt 0:00:20]} 0-1

[Event "42nd GRE-ch Women 2019"]
[Site "Thessaloniki"]
[Date "2019.11.22"]
[Round "3.1"]
[White "Makka, Evanthia"]
[Black "Hristodoulaki, Antonia"]
[Result "0-1"]
[WhiteElo "2059"]
[BlackElo "2054"]
[Annotator "NA"]
[PlyCount "58"]
[EventDate "2019.11.20"]
[EventType "tourn"]
[EventCountry "GRE"]
[SourceTitle "playchess.com"]
[Source "ChessBase"]
[SourceQuality "1"]
[TimeControl "40/5400+30:1800+30"]

1. Nf3 {[%emt 0:01:34]} e6 {[%emt 0:00:00]} 2. g3 {[%emt 0:01:32]} f5 {[%emt 0:00:00]} 3. Bg2 {[%emt 0:07:43]} Nf6 {[%emt 0:00:29]} 4. d3 {[%emt 0:04:51]} Be7 {[%emt 0:00:49]} 5. O-O {[%emt 0:03:12]} O-O {[%emt 0:00:18]} 6. c4 {[%emt 0:08:10]} d6 {[%emt 0:09:08]} 7. Nc3 {[%emt 0:03:17]} e5 {[%emt 0:04:39]} 8. Ne1 {[%emt 0:14:26]} c6 {[%emt 0:13:30]} 9. f4 {[%emt 0:02:01]} exf4 {[%emt 0:10:35]} 10. Rxf4 {[%emt 0:04:10]} Ng4 {[%emt 0:08:04]} 11. h3 {[%emt 0:08:46]} Ne5 {[%emt 0:02:11]} 12. Rf1 {[%emt 0:01:53]} Nbd7 {[%emt 0:08:51]} 13. b3 {[%emt 0:04:39]} Nf6 {[%emt 0:02:22]} 14. d4 {[%emt 0:08:24]} Ng6 {[%emt 0:00:55]} 15. d5 {[%emt 0:03:44]} c5 {[%emt 0:00:37]} 16. Nd3 {[%emt 0:00:08]} Nh5 {[%emt 0:02:00]} 17. Kh2 {[%emt 0:01:23]} Bf6 {[%emt 0:05:40]} 18. Bb2 {[%emt 0:01:57]} f4 {[%emt 0:06:56]} 19. Ne4 {[%emt 0:05:36]} fxg3+ {[%emt 0:02:24]} 20. Kh1 {[%emt 0:00:23]} Bxb2 {[%emt 0:02:29]} 21. Nxb2 {[%emt 0:00:05]} Bxh3 {[%emt 0:06:07]} 22. Rxf8+ {[%emt 0:05:19]} Nxf8 {[%emt 0:00:07]} 23. Bxh3 {[%emt 0:02:23]} Qh4 {[%emt 0:00:08]} 24. Qf1 {[%emt 0:00:44]} Qxe4+ {[%emt 0:00:25]} 25. Qg2 {[%emt 0:00:14]} Qh4 {[%emt 0:00:22]} 26. e3 {[%emt 0:01:27]} Re8 {[%emt 0:00:36]} 27. Nd1 {[%emt 0:02:40]} g5 {[%emt 0:00:20]} 28. Kg1 {[%emt 0:00:37]} g4 {[%emt 0:01:19]} 29. Bxg4 {[%emt 0:00:11]} Qxg4 {[%emt 0:00:06]} 0-1

[Event "42nd GRE-ch Women 2019"]
[Site "Thessaloniki"]
[Date "2019.11.22"]
[Round "3.2"]
[White "Vozinaki, Anthi - Maria"]
[Black "Stefanidi, Maria-Anna"]
[Result "0-1"]
[WhiteElo "1878"]
[BlackElo "2012"]
[Annotator "NA"]
[PlyCount "54"]
[EventDate "2019.11.20"]
[EventType "tourn"]
[EventCountry "GRE"]
[SourceTitle "playchess.com"]
[Source "ChessBase"]
[SourceQuality "1"]
[TimeControl "40/5400+30:1800+30"]

1. e4 {[%emt 0:00:00]} Nf6 {[%emt 0:01:03]} 2. Nc3 {[%emt 0:00:47]} d6 {[%emt 0:02:31]} 3. d4 {[%emt 0:00:36]} g6 {[%emt 0:02:23]} 4. Nf3 {[%emt 0:00:23]} Bg7 {[%emt 0:00:31]} 5. Be2 {[%emt 0:00:17]} O-O {[%emt 0:00:24]} 6. O-O {[%emt 0:00:10]} Bg4 {[%emt 0:00:56]} 7. h3 {[%emt 0:03:32]} Bxf3 {[%emt 0:00:58]} 8. Bxf3 {[%emt 0:00:16]} c6 {[%emt 0:00:33]} 9. a4 {[%emt 0:00:59]} Nbd7 {[%emt 0:00:12]} 10. Be3 {[%emt 0:03:45]} Qc7 {[%emt 0:07:18]} 11. Qd2 {[%emt 0:06:55]} Rfd8 {[%emt 0:03:59]} 12. Rad1 {[%emt 0:04:04]} a6 {[%emt 0:00:23]} 13. d5 {[%emt 0:08:17]} Rab8 {[%emt 0:08:55]} 14. Be2 {[%emt 0:06:33]} b5 {[%emt 0:15:53]} 15. dxc6 {[%emt 0:13:00]} Qxc6 {[%emt 0:02:12]} 16. axb5 {[%emt 0:02:42]} axb5 {[%emt 0:00:08]} 17. Nd5 {[%emt 0:08:15]} Re8 {[%emt 0:04:24]} 18. Nb4 $11 {[%emt 0:05:59]} Qb7 {[%emt 0:06:43]} 19. f3 {[%emt 0:01:48]} Nc5 {[%emt 0:03:01]} 20. Ra1 {[%emt 0:03:58]} Nh5 {[%emt 0:02:16]} 21. Ra5 {[%emt 0:06:18]} Ng3 {[%emt 0:02:26]} 22. Rfa1 {[%emt 0:04:52]} Bxb2 {[%emt 0:00:50]} 23. Bxb5 {[%emt 0:07:15]} Bxa1 {[%emt 0:00:16]} 24. Bxe8 {[%emt 0:00:13]} Bc3 {[%emt 0:01:18]} 25. Qf2 {[%emt 0:06:19]} Qxb4 {[%emt 0:00:21]} 26. Ra7 {[%emt 0:01:21]} Qb1+ {[%emt 0:00:15]} 27. Kh2 {[%emt 0:00:09]} Nf1+ {[%emt 0:00:07]} 0-1

[Event "42nd GRE-ch Women 2019"]
[Site "Thessaloniki"]
[Date "2019.11.22"]
[Round "3.3"]
[White "Pavlidou, Ekaterini"]
[Black "Makka, Ioulia"]
[Result "1-0"]
[WhiteElo "2183"]
[BlackElo "2048"]
[Annotator "NA"]
[PlyCount "73"]
[EventDate "2019.11.20"]
[EventType "tourn"]
[EventCountry "GRE"]
[SourceTitle "playchess.com"]
[Source "ChessBase"]
[SourceQuality "1"]
[TimeControl "40/5400+30:1800+30"]

1. d4 {[%emt 0:00:00]} Nf6 {[%emt 0:00:30]} 2. c4 {[%emt 0:00:00]} e6 {[%emt 0:00:00]} 3. Nf3 {[%emt 0:00:25]} b6 {[%emt 0:00:06]} 4. g3 {[%emt 0:00:19]} Ba6 {[%emt 0:00:30]} 5. b3 {[%emt 0:00:10]} b5 {[%emt 0:01:26]} 6. Bg2 {[%emt 0:08:22]} bxc4 {[%emt 0:04:06]} 7. Ne5 {[%emt 0:04:20]} Bb4+ {[%emt 0:05:37]} 8. Kf1 {[%emt 0:06:53]} c6 {[%emt 0:14:00]} 9. bxc4 {[%emt 0:01:18]} O-O {[%emt 0:02:04]} 10. Qc2 {[%emt 0:07:48]} d5 {[%emt 0:16:22]} 11. a3 {[%emt 0:14:56]} Bd6 {[%emt 0:07:58]} 12. Bg5 {[%emt 0:10:16]} h6 {[%emt 0:01:27]} 13. h4 {[%emt 0:00:34]} Re8 {[%emt 0:19:32]} 14. Bf4 {[%emt 0:08:54]} Nh5 {[%emt 0:05:33]} 15. Nd2 {[%emt 0:02:15]} Nxf4 16. gxf4 {[%emt 0:01:45]} Qf6 {[%emt 0:04:59]} 17. e3 {[%emt 0:02:06]} Qe7 {[%emt 0:04:25]} 18. Kg1 {[%emt 0:00:56]} Rc8 {[%emt 0:01:53]} 19. Rh3 {[%emt 0:05:21]} Qd8 {[%emt 0:05:51]} 20. h5 {[%emt 0:03:00]} Nd7 {[%emt 0:01:14]} 21. Qa4 {[%emt 0:01:49]} Bb7 {[%emt 0:00:20]} 22. c5 {[%emt 0:00:53]} Be7 {[%emt 0:01:01]} 23. Ndf3 {[%emt 0:01:08]} Nf8 {[%emt 0:00:44]} 24. Kh2 {[%emt 0:01:21]} f6 {[%emt 0:01:00]} 25. Nd3 {[%emt 0:00:10]} Qc7 {[%emt 0:00:46]} 26. Rg1 {[%emt 0:01:19]} Kf7 {[%emt 0:00:40]} 27. Rg3 {[%emt 0:01:11]} Nd7 {[%emt 0:00:38]} 28. Bh3 {[%emt 0:01:00]} Bf8 {[%emt 0:00:26]} 29. Nh4 {[%emt 0:00:51]} e5 {[%emt 0:00:36]} 30. fxe5 {[%emt 0:00:16]} Kg8 {[%emt 0:00:41]} 31. Be6+ {[%emt 0:02:24]} Kh7 {[%emt 0:00:19]} 32. Qc2 {[%emt 0:00:44]} g6 {[%emt 0:00:44]} 33. hxg6+ {[%emt 0:00:16]} Kh8 {[%emt 0:00:21]} 34. g7+ {[%emt 0:00:50]} Bxg7 {[%emt 0:00:35]} 35. Rxg7 {[%emt 0:00:59]} Qd8 {[%emt 0:00:08]} 36. Rxd7 {[%emt 0:00:19]} Qe8 {[%emt 0:00:28]} 37. Nf4 {[%emt 0:00:30]} 1-0

[Event "42nd GRE-ch Women 2019"]
[Site "Thessaloniki"]
[Date "2019.11.22"]
[Round "3.4"]
[White "Grapsa, Georgia"]
[Black "Serefidou, Despina"]
[Result "0-1"]
[WhiteElo "2026"]
[BlackElo "1899"]
[Annotator "NA"]
[PlyCount "52"]
[EventDate "2019.11.20"]
[EventType "tourn"]
[EventCountry "GRE"]
[SourceTitle "playchess.com"]
[Source "ChessBase"]
[SourceQuality "1"]
[TimeControl "40/5400+30:1800+30"]

1. d4 {[%emt 0:01:05]} Nf6 {[%emt 0:00:00]} 2. c4 {[%emt 0:00:23]} e6 {[%emt 0:00:14]} 3. g3 {[%emt 0:00:03]} Bb4+ {[%emt 0:00:00]} 4. Bd2 {[%emt 0:00:03]} Qe7 {[%emt 0:00:31]} 5. Bg2 {[%emt 0:00:07]} Nc6 {[%emt 0:03:05]} 6. e3 {[%emt 0:00:09]} Bxd2+ {[%emt 0:01:31]} 7. Nxd2 {[%emt 0:00:25]} d6 {[%emt 0:04:39]} 8. Ne2 {[%emt 0:00:26]} a5 {[%emt 0:01:43]} 9. O-O {[%emt 0:01:09]} O-O {[%emt 0:00:06]} 10. h3 {[%emt 0:02:30]} e5 {[%emt 0:02:12]} 11. Re1 {[%emt 0:08:44]} h6 {[%emt 0:24:14]} 12. g4 {[%emt 0:07:08]} Nh7 {[%emt 0:10:46]} 13. Nc3 {[%emt 0:26:32]} f5 {[%emt 0:12:58]} 14. Nd5 {[%emt 0:00:23]} Qd8 {[%emt 0:08:12]} 15. f4 {[%emt 0:09:28]} fxg4 {[%emt 0:09:28]} 16. hxg4 {[%emt 0:00:08]} Kh8 {[%emt 0:01:05]} 17. Ne4 {[%emt 0:04:05]} exd4 {[%emt 0:04:46]} 18. exd4 {[%emt 0:00:10]} Nb4 {[%emt 0:00:25]} 19. Rf1 {[%emt 0:06:05]} Nxd5 {[%emt 0:00:45]} 20. cxd5 {[%emt 0:00:04]} Qh4 {[%emt 0:01:22]} 21. f5 {[%emt 0:00:14]} h5 {[%emt 0:01:04]} 22. Bf3 {[%emt 0:09:00]} hxg4 {[%emt 0:00:22]} 23. Bxg4 {[%emt 0:00:04]} Nf6 {[%emt 0:02:37]} 24. Nxf6 {[%emt 0:00:48]} Qg3+ {[%emt 0:00:13]} 25. Kh1 {[%emt 0:00:05]} Rxf6 {[%emt 0:00:26]} 26. Re1 {[%emt 0:16:10]} Bxf5 {[%emt 0:04:41]} 0-1

[Event "42nd GRE-ch Women 2019"]
[Site "Thessaloniki"]
[Date "2019.11.22"]
[Round "3.5"]
[White "Koutsidi, Amalia"]
[Black "Markantonaki, Haritomeni"]
[Result "1-0"]
[WhiteElo "1724"]
[BlackElo "2178"]
[Annotator "NA"]
[PlyCount "75"]
[EventDate "2019.11.20"]
[EventType "tourn"]
[EventCountry "GRE"]
[SourceTitle "playchess.com"]
[Source "ChessBase"]
[SourceQuality "1"]
[TimeControl "40/5400+30:1800+30"]

1. e4 {[%emt 0:00:00]} c5 {[%emt 0:00:00]} 2. Nf3 {[%emt 0:00:00]} e6 {[%emt 0:00:00]} 3. c3 {[%emt 0:00:00]} d5 {[%emt 0:01:55]} 4. exd5 {[%emt 0:00:00]} Qxd5 {[%emt 0:00:05]} 5. d4 {[%emt 0:00:08]} Nf6 {[%emt 0:00:21]} 6. Bd3 {[%emt 0:00:18]} Nc6 {[%emt 0:01:13]} 7. Be3 {[%emt 0:00:38]} cxd4 {[%emt 0:01:01]} 8. cxd4 {[%emt 0:00:18]} Be7 {[%emt 0:00:42]} 9. Nc3 {[%emt 0:00:22]} Qd8 {[%emt 0:01:39]} 10. a3 {[%emt 0:00:35]} O-O {[%emt 0:00:29]} 11. O-O {[%emt 0:00:10]} b6 {[%emt 0:02:01]} 12. Qe2 {[%emt 0:00:37]} Bb7 {[%emt 0:01:20]} 13. Rad1 {[%emt 0:00:54]} Rc8 {[%emt 0:03:42]} 14. Rfe1 {[%emt 0:01:03]} Qc7 {[%emt 0:04:11]} 15. Bg5 {[%emt 0:08:15]} Rfd8 {[%emt 0:04:54]} 16. Bb1 {[%emt 0:16:50]} Na5 {[%emt 0:20:02]} 17. Ne5 {[%emt 0:05:31]} Nc4 {[%emt 0:02:52]} 18. Nb5 {[%emt 0:03:23]} Qb8 {[%emt 0:03:24]} 19. Nxc4 {[%emt 0:01:24]} Rd5 {[%emt 0:03:46]} 20. Ne5 {[%emt 0:02:13]} Ba6 {[%emt 0:00:35]} 21. a4 {[%emt 0:02:10]} Qb7 {[%emt 0:01:53]} 22. Bxf6 {[%emt 0:13:36]} gxf6 {[%emt 0:00:05]} 23. Qh5 {[%emt 0:01:25]} Bb4 {[%emt 0:01:52]} 24. Qxh7+ {[%emt 0:17:58]} Kf8 {[%emt 0:00:05]} 25. Qh6+ {[%emt 0:01:14]} Ke7 {[%emt 0:01:48]} 26. Ng4 {[%emt 0:03:25]} Bxe1 {[%emt 0:01:27]} 27. Qxf6+ {[%emt 0:00:29]} Kf8 {[%emt 0:00:45]} 28. Rxe1 {[%emt 0:00:56]} Bxb5 {[%emt 0:02:33]} 29. axb5 {[%emt 0:00:07]} Rxb5 {[%emt 0:00:17]} 30. h4 {[%emt 0:01:48]} Rxb2 {[%emt 0:16:40]} 31. h5 {[%emt 0:03:36]} Ke8 {[%emt 0:03:31]} 32. Ne5 {[%emt 0:04:36]} Qe7 {[%emt 0:01:28]} 33. Qf4 {[%emt 0:01:36]} Rc7 {[%emt 0:04:26]} 34. h6 {[%emt 0:02:01]} f6 {[%emt 0:01:50]} 35. Ng6 {[%emt 0:01:12]} Qf7 {[%emt 0:00:44]} 36. Bf5 {[%emt 0:01:42]} Rc6 {[%emt 0:01:30]} 37. d5 {[%emt 0:01:11]} Qc7 {[%emt 0:00:52]} 38. dxc6 {[%emt 0:00:24]} 1-0

[Event "42nd GRE-ch Women 2019"]
[Site "Thessaloniki"]
[Date "2019.11.23"]
[Round "4.1"]
[White "Hristodoulaki, Antonia"]
[Black "Markantonaki, Haritomeni"]
[Result "0-1"]
[WhiteElo "2054"]
[BlackElo "2178"]
[Annotator "NA"]
[PlyCount "94"]
[EventDate "2019.11.20"]
[EventType "tourn"]
[EventCountry "GRE"]
[SourceTitle "playchess.com"]
[Source "ChessBase"]
[SourceQuality "1"]
[TimeControl "40/5400+30:1800+30"]

1. e4 {[%emt 0:00:00]} c5 {[%emt 0:00:00]} 2. c3 {[%emt 0:00:00]} Nf6 {[%emt 0:00:02]} 3. e5 {[%emt 0:00:00]} Nd5 {[%emt 0:00:05]} 4. d4 {[%emt 0:00:00]} cxd4 {[%emt 0:00:18]} 5. Nf3 {[%emt 0:00:08]} e6 {[%emt 0:00:12]} 6. cxd4 {[%emt 0:00:18]} d6 {[%emt 0:00:31]} 7. a3 {[%emt 0:00:12]} Be7 {[%emt 0:01:21]} 8. Bd3 {[%emt 0:20:00]} b6 {[%emt 0:05:55]} 9. O-O {[%emt 0:02:43]} Bb7 {[%emt 0:00:35]} 10. Re1 {[%emt 0:03:15]} O-O {[%emt 0:04:57]} 11. exd6 {[%emt 0:14:19]} Qxd6 {[%emt 0:03:38]} 12. Nc3 {[%emt 0:04:27]} Nxc3 {[%emt 0:11:28]} 13. bxc3 {[%emt 0:00:07]} Nd7 {[%emt 0:00:33]} 14. Bd2 {[%emt 0:12:18]} Rac8 {[%emt 0:03:33]} 15. Ne5 {[%emt 0:03:03]} Nxe5 {[%emt 0:04:16]} 16. Rxe5 {[%emt 0:00:23]} g6 {[%emt 0:04:32]} 17. Qg4 {[%emt 0:06:07]} Bf6 {[%emt 0:01:49]} 18. Re3 {[%emt 0:06:57]} Bg7 {[%emt 0:05:44]} 19. f4 {[%emt 0:00:57]} Bd5 {[%emt 0:07:28]} 20. Qh4 {[%emt 0:03:54]} Qd8 {[%emt 0:07:44]} 21. Qf2 {[%emt 0:01:02]} Bc4 {[%emt 0:01:23]} 22. Be4 {[%emt 0:00:21]} b5 {[%emt 0:02:34]} 23. Rh3 {[%emt 0:01:50]} a5 {[%emt 0:01:18]} 24. Be3 {[%emt 0:00:45]} Rb8 {[%emt 0:06:48]} 25. Rb1 {[%emt 0:01:11]} Qe7 {[%emt 0:01:11]} 26. Bc1 {[%emt 0:00:40]} Rfd8 {[%emt 0:01:43]} 27. g4 {[%emt 0:02:09]} f5 {[%emt 0:04:12]} 28. gxf5 {[%emt 0:01:42]} exf5 {[%emt 0:00:20]} 29. Bd3 {[%emt 0:01:48]} Bxd3 {[%emt 0:02:19]} 30. Rxd3 {[%emt 0:00:02]} Qd6 {[%emt 0:00:11]} 31. Bb2 {[%emt 0:00:51]} Qd5 {[%emt 0:03:16]} 32. Rc1 {[%emt 0:01:54]} Re8 {[%emt 0:01:30]} 33. Re3 {[%emt 0:01:35]} Re4 {[%emt 0:04:30]} 34. Rce1 {[%emt 0:02:26]} Rbe8 {[%emt 0:00:42]} 35. Bc1 {[%emt 0:01:42]} b4 {[%emt 0:01:17]} 36. Rxe4 {[%emt 0:00:25]} Rxe4 {[%emt 0:01:49]} 37. axb4 {[%emt 0:02:25]} axb4 {[%emt 0:00:15]} 38. Rxe4 {[%emt 0:00:43]} Qxe4 {[%emt 0:01:18]} 39. Qe3 {[%emt 0:06:16]} bxc3 {[%emt 0:02:32]} 40. Qxe4 {[%emt 0:00:00]} fxe4 {[%emt 0:00:00]} 41. Be3 {[%emt 0:02:15]} c2 {[%emt 0:02:12]} 42. Kf1 {[%emt 0:00:02]} Bxd4 {[%emt 0:00:14]} 43. Bc1 {[%emt 0:00:06]} Kf7 {[%emt 0:01:04]} 44. Ke2 {[%emt 0:00:09]} Kf6 {[%emt 0:00:52]} 45. Kd2 {[%emt 0:01:02]} Kf5 {[%emt 0:00:18]} 46. Kxc2 {[%emt 0:00:07]} Bg1 {[%emt 0:00:38]} 47. h3 {[%emt 0:00:21]} Bh2 {[%emt 0:00:00]} 0-1